Library Banner

Consumer and business arithmetic (Record no. 8734)

MARC details
000 -LEADER
fixed length control field 00539nam a2200193Ia 4500
001 - CONTROL NUMBER
control field 7279
008 - FIXED-LENGTH DATA ELEMENTS--GENERAL INFORMATION
fixed length control field 140321s9999 xx 000 0 und d
020 ## - INTERNATIONAL STANDARD BOOK NUMBER
International Standard Book Number 0-8224-1620-4
040 ## - CATALOGING SOURCE
Transcribing agency PK-LaUMT
082 ## - DEWEY DECIMAL CLASSIFICATION NUMBER
Classification number 513.93
Item number OLS-C
100 ## - MAIN ENTRY--PERSONAL NAME
Personal name Olson, Helen T., J.A.; (Haber, F. Barry), J.A.
245 ## - TITLE STATEMENT
Title Consumer and business arithmetic
Statement of responsibility, etc Olson, Helen T., J.A.; (Haber, F. Barry), J.A.<>Olson, Milton C.
260 ## - PUBLICATION, DISTRIBUTION, ETC. (IMPRINT)
Date of publication, distribution, etc 1981
300 ## - PHYSICAL DESCRIPTION
Extent 418 p.
546 ## - LANGUAGE NOTE
Language note EN
650 ## - SUBJECT ADDED ENTRY--TOPICAL TERM
Topical term or geographic name as entry element Business mathematics
700 ## - ADDED ENTRY--PERSONAL NAME
Personal name Olson, Milton C.
942 ## - ADDED ENTRY ELEMENTS (KOHA)
Koha item type Books
Holdings
Withdrawn status Lost status Damaged status Not for loan Home library Current library Date acquired Total Checkouts Full call number Barcode Date last seen Price effective from Koha item type
        UMT Main Campus UMT Main Campus 2014-03-21   513.93 OLS-C 8563 2014-03-21 2014-03-21 Books